Elektronická vláda nestrpí liknavosť

Výkon verejnej správy bude závisieť od uplatnenia informačných technológií. Návrh koncepčného prístupu k informatizácii verejnej správy. Informatizácia je službou verejnosti. Politická podpora informatizácie. Rozdelenie úloh a kompetencií. Koncepcia informatizácie spoločnosti. Význam elektronického...

Description complète

Enregistré dans:
Détails bibliographiques
Auteur principal: Makara, Štefan
Format: Chapitre de livre
Langue:slovaque
Sujets:
Tags: Ajouter un tag
Pas de tags, Soyez le premier à ajouter un tag!

MARC

LEADER 00000naa$a2200000$$$4500
001 0054952
005 20231016085349.7
041 0 |a slo 
044 |a SK 
245 1 0 |a Elektronická vláda nestrpí liknavosť  |c Štefan Makara 
520 |a Výkon verejnej správy bude závisieť od uplatnenia informačných technológií. Návrh koncepčného prístupu k informatizácii verejnej správy. Informatizácia je službou verejnosti. Politická podpora informatizácie. Rozdelenie úloh a kompetencií. Koncepcia informatizácie spoločnosti. Význam elektronického vládnutia pre verejnú správu. 
610 2 0 |a vláda 
610 2 0 |a informatizácia 
610 2 0 |a koncepcie 
610 2 0 |a technológie informačné 
610 2 0 |a správa verejná 
610 2 0 |a správa verejná elektronická 
610 2 0 |a kompetencie 
100 1 |a Makara, Štefan